<?xml version="1.0" encoding="UTF-8"?>
<record
    xmlns:xsi="http://www.w3.org/2001/XMLSchema-instance"
    xsi:schemaLocation="http://www.loc.gov/MARC21/slim http://www.loc.gov/standards/marcxml/schema/MARC21slim.xsd"
    xmlns="http://www.loc.gov/MARC21/slim">

  <leader>00931nam a2200229Ia 4500</leader>
  <controlfield tag="003">OSt</controlfield>
  <controlfield tag="005">20251126143855.0</controlfield>
  <controlfield tag="008">210719s2012    xx            000 0 und d</controlfield>
  <datafield tag="040" ind1=" " ind2=" ">
    <subfield code="c">AL</subfield>
  </datafield>
  <datafield tag="041" ind1=" " ind2=" ">
    <subfield code="a">kan</subfield>
  </datafield>
  <datafield tag="082" ind1=" " ind2=" ">
    <subfield code="a">K894.8 PRAS</subfield>
  </datafield>
  <datafield tag="100" ind1=" " ind2=" ">
    <subfield code="a">PRABHAKARADAS ATTAVARA Ed</subfield>
    <subfield code="d">&#xCAA;&#xCCD;&#xCB0;&#xCAD;&#xCBE;&#xC95;&#xCB0;&#xCA6;&#xCBE;&#xCB8;&#xCCD; &#xC85;&#xCA4;&#xCCD;&#xCA4;&#xCBE;&#xCB5;&#xCB0; </subfield>
    <subfield code="9">199251</subfield>
  </datafield>
  <datafield tag="245" ind1=" " ind2=" ">
    <subfield code="a">Shatadhare: Ellappa janmashatabdi nenapina sanchike- Smarana sanchike 2012</subfield>
    <subfield code="b">&#xCB6;&#xCA4;&#xCA7;&#xCBE;&#xCB0;&#xCC6;: &#xC8E;&#xCB2;&#xCCD;&#xCB2;&#xCAA;&#xCCD;&#xCAA; &#xC9C;&#xCA8;&#xCCD;&#xCAE;&#xCB6;&#xCA4;&#xCBE;&#xCAC;&#xCCD;&#xCA6;&#xCBF; &#xCA8;&#xCC6;&#xCA8;&#xCAA;&#xCBF;&#xCA8; &#xCB8;&#xC82;&#xC9A;&#xCBF;&#xC95;&#xCC6; -&#xCB8;&#xCCD;&#xCAE;&#xCB0;&#xCA3; &#xCB8;&#xC82;&#xC9A;&#xCBF;&#xC95;&#xCC6; &#xCE8;&#xCE6;&#xCE7;&#xCE8;</subfield>
  </datafield>
  <datafield tag="260" ind1=" " ind2=" ">
    <subfield code="a">MangaLUru</subfield>
    <subfield code="c">2012</subfield>
  </datafield>
  <datafield tag="300" ind1=" " ind2=" ">
    <subfield code="a">90</subfield>
    <subfield code="b">PB</subfield>
  </datafield>
  <datafield tag="365" ind1=" " ind2=" ">
    <subfield code="c">Rs</subfield>
  </datafield>
  <datafield tag="650" ind1=" " ind2=" ">
    <subfield code="a">Kannada literature</subfield>
    <subfield code="9">199252</subfield>
  </datafield>
  <datafield tag="650" ind1=" " ind2=" ">
    <subfield code="a"> aris tar attavara</subfield>
    <subfield code="9">246884</subfield>
  </datafield>
  <datafield tag="650" ind1=" " ind2=" ">
    <subfield code="a">Kannada Miscellaneous</subfield>
    <subfield code="9">199253</subfield>
  </datafield>
  <datafield tag="906" ind1=" " ind2=" ">
    <subfield code="a">2012 ; attAvara ; byArisTar ; ellappa ; janmashatAbdi ; nenapina ; sanchike ; ShatadhAre: ; SmaraNa</subfield>
  </datafield>
  <datafield tag="942" ind1=" " ind2=" ">
    <subfield code="2">ddc</subfield>
    <subfield code="c">BK</subfield>
  </datafield>
  <datafield tag="999" ind1=" " ind2=" ">
    <subfield code="c">215418</subfield>
    <subfield code="d">215418</subfield>
  </datafield>
  <datafield tag="952" ind1=" " ind2=" ">
    <subfield code="0">0</subfield>
    <subfield code="1">0</subfield>
    <subfield code="2">ddc</subfield>
    <subfield code="4">0</subfield>
    <subfield code="7">0</subfield>
    <subfield code="8">KAN</subfield>
    <subfield code="a">AL</subfield>
    <subfield code="b">AL</subfield>
    <subfield code="c">SSS</subfield>
    <subfield code="d">2012-10-12</subfield>
    <subfield code="e">General Annual</subfield>
    <subfield code="l">0</subfield>
    <subfield code="o">K894.8 PRAS</subfield>
    <subfield code="p">D04051</subfield>
    <subfield code="r">2021-07-19 00:00:00</subfield>
    <subfield code="w">2021-07-19</subfield>
    <subfield code="y">DB</subfield>
  </datafield>
</record>
